Statistiques concernant La Bible - Les 12 tribus d'Israël

Cliquez ici pour prendre le quiz!

Statistiques générales

  • Ce quiz a été pris 25 fois
  • Le résultat moyen est 8 sur 12

Statistiques - réponses

PositionNom de la tribu% Correct
SudJuda
91%
OuestBenjamin
91%
EstRuben
78%
SudSiméon
70%
OuestDan
61%
OuestEphraïm
61%
Est/OuestManassé
61%
NordZabulon
61%
NordNephtali
57%
EstGad
52%
NordIssacar
52%
NordAser
48%

Distribution des résultats

Percentile par nombre de réponses

% des personnes avec chaque résultat

Votre développement - résultats

Vous n’avez pas pris ce quiz